Mistrzostwa świata w piłce nożnej 1994 - Statystyki

Ogólne statystyki
  • Ten quiz został rozwiązany 41 razy
  • Średni wynik to 19 z 24
Statystyki odpowiedzi
Grupa Państwo % Poprawnych
Grupa D Argentyna
100%
Grupa A Stany Zjednoczone
100%
Grupa B Rosja
97%
Grupa B Brazylia
95%
Grupa E Meksyk
95%
Grupa E Włochy
95%
Grupa F Holandia
92%
Grupa C Niemcy
92%
Grupa C Hiszpania
89%
Grupa B Szwecja
87%
Grupa A Kolumbia
84%
Grupa C Korea Południowa
84%
Grupa F Belgia
82%
Grupa E Norwegia
79%
Grupa F Arabia Saudyjska
71%
Grupa E Irlandia
71%
Grupa D Nigeria
71%
Grupa D Bułgaria
68%
Grupa B Kamerun
68%
Grupa A Rumunia
68%
Grupa A Szwajcaria
63%
Grupa F Maroko
61%
Grupa D Grecja
55%
Grupa C Boliwia
37%
Nie znaleziono quizów pasujących do podanych kryteriów
Rozkład punktacji
Procent ludzi z każdym wynikiem
Percentyl według liczby udzielonych odpowiedzi
Twoja historia wyników
Nie rozwiązałeś tego quizu